00526nmm a2200169Ia 4500008004100000020001800041041000800059100003500067245007700102264005700179300001800236490001100254650001600265856005100281942000700332999001700339251105s9999||||xx |||||||||||||||||und|| a9788490731925 aspa aSevilla Jiménez, Cristóbal 0aLa misericordia de Dios en tiempos de crisis :b Meditaciones bíblicas a[Madrid, España] :bEditorial Verbo Divino, c2015 a144 páginas aSurcos aReligion(s) uhttps://public.digitaliapublishing.com/a/38640 cCF c87844d87844